000 00534nam a2200205Ia 4500
005 20230208120751.0
008 131103s9999 xx 000 0 und d
020 _a8170230411(set)
040 _aLoreto College
041 _aEnglish
082 _a820.9
_bDAI
100 _aDaiches, David
245 2 _aA critical history of english literature
_cDavid Daiches
250 _a2nd ed.
260 _aLondon
_bSecker & Warburg
_c1975
300 _a4V.
650 _aEnglish literature - Criticism
850 _aLCLIB
942 _cBK
999 _c21000
_d71479